| 000 | 00786nam a2200205Ii 4500 | ||
|---|---|---|---|
| 003 | JO-AjNU | ||
| 008 | 230605s9999||||xx |||||||||||||| ||und|| | ||
| 040 |
_aJO-AjNU _bara _erda _cJO-AjNU |
||
| 041 | _aara | ||
| 050 | 1 | 4 | _aLB1027.5.G4412 1998 |
| 100 | 3 |
_a. مؤلف/الزيود،نادر فهمي مترجم David،Geldard, _eauthor _928574 |
|
| 245 | 0 | 0 | _aالدليل العملي للمرشدين النفسيين والتربويين:أساسيات الإرشاد الفردي |
| 250 | _aط1 | ||
| 264 | 3 | 1 | _aعمان:دار الفكر 1998 |
| 300 | _a220ص | ||
| 336 |
_atext _btxt _2rdacontent |
||
| 337 |
_aunmediated _bn _2rdamedia |
||
| 338 |
_avolume _bnc _2rdacarrier |
||
| 650 | 4 |
_a ارشاد نفسي-علم النفس التربوي-اشراف تربوي _928575 |
|
| 999 |
_aA11100 _c14668 _d14668 |
||